000 00447cam a2200181ua 4500
020 _c95.00
041 _aeng
_h
082 _a532
_bKUM/EN
100 _aKumar, K L .
245 _aEngineering fluid mechanics /
_cK L Kumar.
_hTextual Documents
250 _a6 /
_b.
260 _aNew Delhi :
_bEurasia Publishing house pvt ltd ,
_c1992.
300 _a564 ; .
365 _a95.00
504 _a
942 _cBK
999 _c7463
_d7463